[Event "Less Trivial Norm - 2nd edition"]
[Site "SchemingMind.com"]
[Date "2007.09.08"]
[Round "-"]
[White "Brendan Joseph Birt"]
[Black "Konan_Kaddosh"]
[Result "0-1"]
[WhiteCountry "USA"]
[BlackCountry "ITA"]
[WhiteElo "1846"]
[WhiteRD "108"]
[BlackElo "2377"]
[BlackRD "62"]
[GameID "119814"]

1. e4 c5 2. c3 d5 3. exd5 Qxd5 4. d4 Nf6 5. Nf3 e6 6. Na3 Nc6 7. Nb5 Qd8 8. dxc5 Bxc5 9. Qxd8+ Kxd8 10. Bg5 Ke7
11. Rd1 a6 12. Nbd4 Nxd4 13. Nxd4 Rd8 14. Be2 e5 15. Nf3 Rxd1+ 16. Bxd1 h6 17. Bh4 e4 18. Ne5 Be6 19. Ng4 g5 20. Nxf6 Kxf6
21. Bg3 Bxa2 22. O-O Rd8 23. Bg4 Rd2 24. b4 Bb6 25. Rd1 e3 26. fxe3 Bxe3+ 27. Kh1 Bd5 28. Rxd2 Bxd2 29. c4 Be6 30. Bf3 Bxb4
31. Bxb7 Bxc4 32. Kg1 a5 33. Bc6 Bb3 34. Bf2 Ke5 35. Bb6 a4 36. Bc7+ Ke6
0-1

[Event "Less Trivial Norm - 2nd edition"]
[Site "SchemingMind.com"]
[Date "2007.09.08"]
[Round "-"]
[White "Konan_Kaddosh"]
[Black "Brendan Joseph Birt"]
[Result "1-0"]
[WhiteCountry "ITA"]
[BlackCountry "USA"]
[WhiteElo "2377"]
[WhiteRD "62"]
[BlackElo "1846"]
[BlackRD "108"]
[GameID "119815"]

1. e4 c5 2. Nf3 g6 3. d4 cxd4 4. Nxd4 Nc6 5. c4 Nf6 6. Nc3 d6 7. Be2 Nxd4 8. Qxd4 Bg7 9. Bg5 O-O 10. Qd2 Be6
11. O-O Qa5 12. Rac1 Rfc8 13. b3 a6 14. Bf3 Rab8 15. Rfe1 b5 16. Nd5 Qxd2 17. Bxd2 Kf8 18. cxb5 axb5 19. Nc7 Ne8 20. Nxe6+ fxe6
21. Rxc8 Rxc8 22. Rc1 Rxc1+ 23. Bxc1 Nc7 24. Kf1 Bd4 25. Bd2 e5 26. Ba5 Ne6 27. Be2 Nc5 28. f3 Nb7 29. Bd2 Ke8 30. Bxb5+ Kd8
31. Bc4 Nc5 32. Bg8 Nd7 33. Bxh7 Nf8 34. Bg8 Kc7 35. b4 Kb6 36. a4 Nd7 37. Bf7 Nf8 38. Bg5 Nd7 39. h4 Nf6 40. Bxg6
1-0

[Event "Less Trivial Norm - 2nd edition"]
[Site "SchemingMind.com"]
[Date "2007.09.10"]
[Round "-"]
[White "e_castle3"]
[Black "Brendan Joseph Birt"]
[Result "0-1"]
[WhiteCountry "PHI"]
[BlackCountry "USA"]
[WhiteElo "1816"]
[WhiteRD "68"]
[BlackElo "1846"]
[BlackRD "108"]
[GameID "120099"]

1. e4 c5 2. Nf3 g6 3. g3 Nc6 4. Bg2 Bg7 5. O-O d6 6. c3 Nf6 7. Re1 O-O 8. d4 cxd4 9. cxd4 Bg4 10. h3 Bxf3
11. Bxf3 Qb6 12. Be3 Qxb2 13. Nd2 Nxd4 14. Bxd4 Qxd4 15. Qe2 Rac8 16. Rab1 b6 17. Nb3 Qa4 18. Qd3 Nd7 19. Re2 Ne5 20. Qe3 Nxf3+
21. Qxf3 Qa6 22. Rd2 Rc7 23. Rbd1 Be5 24. Kg2 Rfc8 25. Qe3 Rc2 26. f4 Bg7 27. Qf2 Qxa2
0-1

[Event "Less Trivial Norm - 2nd edition"]
[Site "SchemingMind.com"]
[Date "2007.09.10"]
[Round "-"]
[White "e_castle3"]
[Black "Konan_Kaddosh"]
[Result "0-1"]
[WhiteCountry "PHI"]
[BlackCountry "ITA"]
[WhiteElo "1861"]
[WhiteRD "72"]
[BlackElo "2343"]
[BlackRD "71"]
[GameID "120100"]

1. Nf3 d5 2. d4 Nf6 3. Bg5 Ne4 4. Bh4 c5 5. e3 Qb6 6. Qc1 cxd4 7. exd4 Nc6 8. c3 h6 9. Bd3 Bf5 10. O-O g5
11. Bg3 Nxg3 12. Bxf5 Ne2+
0-1

[Event "Less Trivial Norm - 2nd edition"]
[Site "SchemingMind.com"]
[Date "2007.09.10"]
[Round "-"]
[White "Brendan Joseph Birt"]
[Black "e_castle3"]
[Result "1-0"]
[WhiteCountry "USA"]
[BlackCountry "PHI"]
[WhiteElo "1916"]
[WhiteRD "79"]
[BlackElo "1774"]
[BlackRD "69"]
[GameID "120101"]

1. e4 e5 2. Nf3 Nc6 3. d4 Bb4+ 4. c3 Ba5 5. d5 Nce7 6. Nxe5 d6 7. Bb5+ Kf8 8. Nc4 Bb6 9. Nxb6 axb6 10. O-O h5
11. Bg5 Bg4 12. f3 Bd7 13. Bxd7 Qxd7 14. Na3 h4 15. h3 Ng6 16. Nc2 N8e7 17. Bxe7+ Qxe7 18. Qd2 Rh6 19. Nd4 Qe5 20. Nf5 Rh5
21. Kh1 Ne7 22. Nxe7 Qxe7 23. a3 Re5 24. Rae1 Qf6 25. Qf2 Rae8 26. Re2 Qd8 27. Rfe1 c6 28. dxc6 bxc6 29. f4 Rh5 30. e5 dxe5
31. Rxe5 Rhxe5 32. Rxe5 Rxe5 33. fxe5 c5 34. Qf4 Qd1+ 35. Kh2 Qe1 36. e6 Qxe6 37. Qxh4 Qd6+ 38. Qg3 Ke7 39. c4 Qf6 40. Qe3+ Kd7
41. b3 Qd6+ 42. g3 Qf6 43. Qd2+ Kc6 44. Kg2 Qe5 45. a4 f6 46. Qd3 g5 47. Qf3+ Kd6 48. Qd5+ Qxd5+ 49. cxd5 Kxd5 50. h4 gxh4
51. gxh4 Ke4 52. Kg3 Kf5 53. Kf3 Kg6 54. Kg4 f5+ 55. Kf4 Kf6 56. h5
1-0

[Event "Less Trivial Norm - 2nd edition"]
[Site "SchemingMind.com"]
[Date "2007.09.10"]
[Round "-"]
[White "Konan_Kaddosh"]
[Black "e_castle3"]
[Result "1-0"]
[WhiteCountry "ITA"]
[BlackCountry "PHI"]
[WhiteElo "2377"]
[WhiteRD "62"]
[BlackElo "1816"]
[BlackRD "68"]
[GameID "120102"]

1. e4 e5 2. Nf3 Nc6 3. Bb5 d6 4. d4 exd4 5. Nxd4 Bd7 6. O-O Nge7 7. Nc3 a6 8. Be2 Nxd4 9. Qxd4 Nc6 10. Qd3 Be7
11. Nd5 Be6 12. Be3 O-O 13. Rad1 Ne5 14. Qc3 Bxd5 15. Rxd5 Bf6 16. Qb3 Qc8 17. h3 Re8 18. f4 Nc6 19. Bg4 Qb8 20. Bf3 Ne7
21. Rd3 Ng6 22. e5 dxe5 23. f5 e4 24. fxg6 hxg6 25. Rd7 exf3 26. Qxf7+ Kh7 27. Qxf6
1-0

[Event "Less Trivial Norm - 2nd edition"]
[Site "SchemingMind.com"]
[Date "2007.09.10"]
[Round "-"]
[White "calidore"]
[Black "e_castle3"]
[Result "1/2-1/2"]
[WhiteCountry "ISR"]
[BlackCountry "PHI"]
[WhiteElo "1889"]
[WhiteRD "65"]
[BlackElo "1816"]
[BlackRD "68"]
[GameID "120138"]

1. e4 g6 2. d4 Bg7 3. Be3 Nf6 4. Nc3 O-O 5. f3 c6 6. Qd2 d5 7. e5 Ne8 8. Bh6 Nd7 9. Bxg7 Nxg7 10. g4 e6
11. h4 f6 12. f4 fxe5 13. fxe5 a6 14. Be2 c5 15. h5 Qb6 16. hxg6 cxd4 17. Qh6 hxg6 18. Qh7+ Kf7 19. O-O-O dxc3 20. Rf1+ Ke8
21. Qxg6+ Kd8 22. Rxf8+ Nxf8 23. Qf6+ Ke8 24. bxc3 Qe3+ 25. Kb2 Qb6+ 26. Ka1 Qc7 27. Nh3 Qxc3+ 28. Kb1=
1/2-1/2

[Event "Less Trivial Norm - 2nd edition"]
[Site "SchemingMind.com"]
[Date "2007.09.11"]
[Round "-"]
[White "calidore"]
[Black "Brendan Joseph Birt"]
[Result "0-1"]
[WhiteCountry "ISR"]
[BlackCountry "USA"]
[WhiteElo "1871"]
[WhiteRD "59"]
[BlackElo "1862"]
[BlackRD "94"]
[GameID "120139"]

1. e4 c5 2. c3 g6 3. d4 cxd4 4. cxd4 d5 5. e5 Bg7 6. Nf3 Bg4 7. Nc3 Nc6 8. Be2 Bxf3 9. Bxf3 e6 10. O-O Nge7
11. Be3 O-O 12. Rc1 Nf5 13. Qd2 Nxe3 14. fxe3 Bh6 15. Qe2 Ne7 16. Bg4 Rc8 17. Nb5 Rxc1 18. Rxc1 Nc6 19. Rc2 a6 20. Nd6 Qe7
21. a3 Nd8 22. e4 Nc6 23. Qd3 Qg5 24. Bf3 Qe3+ 25. Qxe3 Bxe3+ 26. Kf1 Nxd4 27. Rc7 Nxf3 28. gxf3 dxe4 29. fxe4 b6 30. Ke2 Bd4
31. Nc4 b5 32. Rd7 bxc4 33. Rxd4 Rb8 34. Rd2 Rb3 35. Rc2 Kg7 36. Kf2 h5 37. Ke2 Kh6 38. h4 g5 39. hxg5+ Kxg5 40. Kd1 h4
41. Kc1 h3 42. Kd1 Kg4 43. Ke2 h2
0-1

[Event "Less Trivial Norm - 2nd edition"]
[Site "SchemingMind.com"]
[Date "2007.09.10"]
[Round "-"]
[White "calidore"]
[Black "Konan_Kaddosh"]
[Result "0-1"]
[WhiteCountry "ISR"]
[BlackCountry "ITA"]
[WhiteElo "1889"]
[WhiteRD "65"]
[BlackElo "2377"]
[BlackRD "62"]
[GameID "120140"]

1. e4 c5 2. c3 Nf6 3. e5 Nd5 4. d4 cxd4 5. cxd4 d6 6. Nf3 Nc6 7. Nc3 dxe5 8. Nxe5 Nxc3 9. Nxc6 Nxd1 10. Nxd8 Nxb2
11. Nxf7 Kxf7 12. Bxb2= Be6 13. Bd3 Bd5 14. O-O g6 15. f3 Rc8 16. Be4 e6 17. Bxd5 exd5 18. Rac1 Bd6 19. g3 Rc4 20. Rxc4 dxc4
21. Kf2 b5 22. Ke2 Re8+ 23. Kd2 Re7 24. Rc1 Ke6 25. Re1+ Kd5 26. Rxe7 Bxe7 27. a3 a5 28. h4 b4 29. axb4 axb4 30. Ba1 Bf6
31. h5 Bxd4 32. Bxd4 Kxd4 33. hxg6 c3+ 34. Kc2 hxg6 35. f4 Ke3
0-1

[Event "Less Trivial Norm - 2nd edition"]
[Site "SchemingMind.com"]
[Date "2007.09.10"]
[Round "-"]
[White "e_castle3"]
[Black "calidore"]
[Result "0-1"]
[WhiteCountry "PHI"]
[BlackCountry "ISR"]
[WhiteElo "1816"]
[WhiteRD "68"]
[BlackElo "1889"]
[BlackRD "65"]
[GameID "120141"]

1. Nf3 Nf6 2. d4 e6 3. Bg5 Be7 4. e3 b6 5. Bd3 Bb7 6. Nbd2 h6 7. Bh4 O-O 8. O-O d6 9. c4 Nbd7 10. Qc2 Rc8
11. e4 e5 12. d5 Nxd5 13. cxd5 Bxh4 14. Rac1 Nc5 15. Be2 a5 16. a3 Be7 17. b4 axb4 18. axb4 Nd7 19. Ra1 c6 20. dxc6 Bxc6
21. Qb3 Nf6 22. Bd3 Bd7 23. b5 Be6 24. Qb2 Ra8 25. Rxa8 Qxa8 26. Ra1 Qb7 27. Ra4 Rc8 28. Qa1 Nd7 29. Ra7 Qb8 30. h3 Bf8
31. Bc4 Bxc4 32. Nxc4 Rxc4 33. Rxd7 Rxe4 34. Qa2 Rf4 35. Qd5 Qc8 36. g3 Rxf3
0-1

[Event "Less Trivial Norm - 2nd edition"]
[Site "SchemingMind.com"]
[Date "2007.09.11"]
[Round "-"]
[White "Brendan Joseph Birt"]
[Black "calidore"]
[Result "1-0"]
[WhiteCountry "USA"]
[BlackCountry "ISR"]
[WhiteElo "1916"]
[WhiteRD "79"]
[BlackElo "1877"]
[BlackRD "60"]
[GameID "120142"]

1. e4 Nf6 2. e5 Nd5 3. d4 d6 4. c4 Nb6 5. exd6 cxd6 6. Nc3 g6 7. Be3 Bg7 8. Rc1 O-O 9. b3 Nc6 10. d5 Nb4
11. a3 Na6 12. Nf3 Bg4 13. Be2 Nd7 14. O-O Rc8 15. Re1 Nf6 16. h3 Bxf3 17. Bxf3 Nc5 18. b4 Ncd7 19. Be2 a6 20. Qd2 Ne5
21. c5 dxc5 22. Bxc5 b6 23. Be3 Nc4 24. Bxc4 Rxc4 25. Qd3 b5 26. Bc5 Re8 27. a4 Rh4 28. axb5 axb5 29. Rcd1 Nd7 30. Nxb5 Ne5
31. Qg3 Rh5 32. Nd4 Qxd5 33. Nf5 Nf3+ 34. Qxf3 Qxf5 35. Qxf5 Rxf5 36. Rxe7 Rc8 37. Rde1 Rfxc5 38. bxc5 Rxc5 39. Rb1 h5 40. Rb8+ Kh7
41. Rbb7 Rf5 42. Rxf7 Rxf7 43. Rxf7 Kh6 44. h4 Be5 45. g3 Bd4 46. Kg2 Be5 47. f3 Bd4 48. g4 Bg7 49. g5+ Kh7 50. Kg3 Kg8
51. Rxg7+ Kxg7 52. Kf4 Kf7 53. Ke5 Ke7 54. f4 Kf7 55. Kd6 Kf8 56. Ke6 Kg7 57. Ke7
1-0

[Event "Less Trivial Norm - 2nd edition"]
[Site "SchemingMind.com"]
[Date "2007.09.10"]
[Round "-"]
[White "Konan_Kaddosh"]
[Black "calidore"]
[Result "1-0"]
[WhiteCountry "ITA"]
[BlackCountry "ISR"]
[WhiteElo "2377"]
[WhiteRD "62"]
[BlackElo "1889"]
[BlackRD "65"]
[GameID "120143"]

1. e4 Nf6 2. e5 Nd5 3. d4 d6 4. Nf3 Bg4 5. Be2 c6 6. O-O Bxf3 7. Bxf3 dxe5 8. dxe5 e6 9. Qe2 Bc5 10. c4 Ne7
11. Nd2 Nd7 12. Rd1 Qc7 13. Ne4 Qxe5 14. b4 Bd4 15. Rxd4 Qxd4 16. Bb2 Qb6 17. Bxg7 Rg8 18. Nd6+ Kd8 19. Nxf7+ Kc8 20. Qxe6 Rxg7
21. Rd1 Qc7 22. Qxe7 Rxf7 23. Qxf7
1-0

[Event "Less Trivial Norm - 2nd edition"]
[Site "SchemingMind.com"]
[Date "2007.09.16"]
[Round "-"]
[White "Netferatu"]
[Black "e_castle3"]
[Result "1-0"]
[WhiteCountry "ARG"]
[BlackCountry "PHI"]
[WhiteElo "2131"]
[WhiteRD "79"]
[BlackElo "1789"]
[BlackRD "69"]
[GameID "120274"]

1. d4 d5 2. c4 c6 3. Nc3 Bf5 4. Nf3 Nf6 5. Bg5 e6 6. cxd5 exd5 7. Qb3 b6 8. Rc1 Be7 9. e3 O-O 10. Be2 h6
11. Bf4 Bd6 12. Be5 Bg4 13. Bxd6 Qxd6 14. O-O Nbd7 15. Qc2 Rfc8 16. Ba6 Rc7 17. Nb5 cxb5 18. Qxc7 Qxc7 19. Rxc7
1-0

[Event "Less Trivial Norm - 2nd edition"]
[Site "SchemingMind.com"]
[Date "2007.09.16"]
[Round "-"]
[White "Netferatu"]
[Black "Brendan Joseph Birt"]
[Result "1-0"]
[WhiteCountry "ARG"]
[BlackCountry "USA"]
[WhiteElo "2174"]
[WhiteRD "78"]
[BlackElo "1916"]
[BlackRD "79"]
[GameID "120275"]

1. e4 c5 2. Nf3 g6 3. d4 cxd4 4. Qxd4 Nf6 5. e5 Nc6 6. Qd1 Nxe5 7. Nc3 Nxf3+ 8. Qxf3 Bg7 9. Bd3 O-O 10. O-O d5
11. Re1 e6 12. Bg5 h6 13. Bh4 g5 14. Bg3 Bd7 15. Bd6 Re8 16. Be5 Rc8 17. Rad1 Bc6 18. Nb5 Bxb5 19. Bxb5 Rf8 20. c3 a6
21. Bd3 b5 22. Bc2 Ne4 23. Rxe4 dxe4 24. Qxe4 f5 25. Qb7 Bxe5 26. Rxd8 Rcxd8 27. Qxa6 Kf7 28. Bb3 Rd6 29. Qxb5 Rfd8 30. f4 Bxf4
31. Qxf5+ Kg7 32. Qe4 e5 33. g3 Bc1 34. Qxe5+ Kf8 35. Qh8+ Ke7 36. Qg7+ Ke8 37. Qf7#
1-0

[Event "Less Trivial Norm - 2nd edition"]
[Site "SchemingMind.com"]
[Date "2007.09.16"]
[Round "-"]
[White "Netferatu"]
[Black "calidore"]
[Result "1-0"]
[WhiteCountry "ARG"]
[BlackCountry "ISR"]
[WhiteElo "2174"]
[WhiteRD "78"]
[BlackElo "1877"]
[BlackRD "60"]
[GameID "120276"]

1. d4 Nf6 2. c4 e6 3. Nc3 d5 4. Bg5 Be7 5. Nf3 O-O 6. e3 h6 7. Bf4 Nh5 8. Be5 Nc6 9. cxd5 exd5 10. Be2 Nf6
11. Qb3 Na5 12. Qc2 Be6 13. O-O Nc6 14. Bxf6 Bxf6 15. Na4 Be7 16. Nc5 Bxc5 17. Qxc5 Qe7 18. Qc2 a6 19. Rac1 Rac8= 20. a3 Nb8
21. Bd3 Nd7 22. Qb3 Nb6 23. Rc2 Bd7 24. Rc5 Ba4 25. Qb4 Rfd8 26. Rfc1 Be8 27. b3 Rd6 28. Bf5 Rf6 29. Bxc8 Rxf3 30. gxf3 Qg5+
31. Kh1 Nxc8 32. Rxc7 Qf5 33. Rxc8 Qxf3+ 34. Kg1 Qg4+ 35. Kf1 Qh3+ 36. Ke1
1-0

[Event "Less Trivial Norm - 2nd edition"]
[Site "SchemingMind.com"]
[Date "2007.09.16"]
[Round "-"]
[White "Netferatu"]
[Black "Konan_Kaddosh"]
[Result "1/2-1/2"]
[WhiteCountry "ARG"]
[BlackCountry "ITA"]
[WhiteElo "2220"]
[WhiteRD "83"]
[BlackElo "2480"]
[BlackRD "58"]
[GameID "120277"]

1. e4 c5 2. Nf3 Nc6 3. d4 cxd4 4. Nxd4 e6 5. Nc3 Qc7 6. Ndb5 Qb8 7. Be3 Nf6 8. f4 d6 9. Nd4 Be7 10. Bb5 Bd7
11. O-O O-O 12. Nb3 Qc7 13. Be2 a6 14. Bf3 b5 15. a3 Rab8 16. Qe2 Bc8 17. Qf2 Nd7 18. Rad1 Nb6 19. Nd2 Na5 20. Ne2 Nbc4
21. Nxc4 Nxc4 22. Bc1 Nb6 23. c3 Bb7 24. Nd4 Rbd8 25. Qg3 Bf6 26. Rde1 e5 27. Nf5 Kh8 28. fxe5 dxe5 29. Rd1 Nc4 30. Ne3 Nxe3
31. Rxd8 Rxd8 32. Bxe3 Qc4 33. Re1 Kg8 34. Qf2 Be7 35. Kh1 g6 36. Be2 Qe6 37. Bf3 Kg7 38. Rf1 h5 39. Kg1 Rd3 40. Be2 Rd7
41. Bf3 Bd8 42. Re1 Rd3 43. Kh1 Qa2 44. h3 Be7 45. Bc1 Qe6 46. Kh2 Rd8 47. Be3 Qb3 48. Rf1 Ba8 49. Bb6 Rd7 50. Bc5 Bg5
51. Be3 Bxe3 52. Qxe3 Qc4 53. Rf2 Qe6 54. g4 h4 55. g5 Qd6 56. Kg2 Bb7 57. Kg1 Kg8 58. Kg2= Qc7 59. Bg4 Rd6 60. Be2 Qd8
61. a4 bxa4 62. Bc4 Rd7 63. Rf6 Kg7 64. Kg1 Qc7 65. Ba2 Bc6 66. Bc4 Qb7 67. Qc5 Rd1+ 68. Rf1 Rxf1+ 69. Kxf1 Bxe4 70. Qxe5+ Kh7
71. Qf6 Bg2+ 72. Kg1 Bd5 73. Qxa6 Qd7 74. Bxd5 Qxd5 75. Qxa4 Qxg5+ 76. Kf2 Qg3+ 77. Ke2 Qg2+ 78. Ke1 Qxh3 79. Qf4 Qe6+ 80. Kf2 Qe7
81. b4 Kg8 82. Qd4 Qg5 83. Qd3 Kg7 84. b5 h3 85. Qxh3 Qxb5 86. Qc8 Kf6 87. Qd8+ Ke6 88. Qc8+ Qd7 89. Qc4+ Ke5 90. Qc5+ Qd5
91. Qc7+ Ke4 92. c4 Qf5+ 93. Kg2 Qe6 94. Kf2 Qf6+ 95. Kg1 Qd4+ 96. Kg2 Qd2+ 97. Kg1 Qg5+=
1/2-1/2

[Event "Less Trivial Norm - 2nd edition"]
[Site "SchemingMind.com"]
[Date "2007.09.16"]
[Round "-"]
[White "e_castle3"]
[Black "Netferatu"]
[Result "0-1"]
[WhiteCountry "PHI"]
[BlackCountry "ARG"]
[WhiteElo "1789"]
[WhiteRD "69"]
[BlackElo "2131"]
[BlackRD "79"]
[GameID "120278"]

1. Nf3 d5 2. d4 c5 3. Bf4 Nc6 4. e3 Bg4 5. Be2 e6 6. c3 Nf6 7. Nbd2 Qb6 8. Qb3 Qxb3 9. Nxb3 c4 10. Nbd2 b5
11. O-O Ne4 12. Rfe1 Bxf3 13. Nxf3 a5 14. a3 Kd7 15. Ng5 Nxg5 16. Bxg5 Bd6 17. Reb1 h6 18. Bh4 Rhb8 19. Bg3 b4 20. axb4 axb4
21. f3 Bxg3 22. hxg3 bxc3 23. bxc3 Rxb1+ 24. Rxb1 Ra3 25. Rc1 Na7 26. Rb1 Kc6
0-1

[Event "Less Trivial Norm - 2nd edition"]
[Site "SchemingMind.com"]
[Date "2007.09.16"]
[Round "-"]
[White "Brendan Joseph Birt"]
[Black "Netferatu"]
[Result "0-1"]
[WhiteCountry "USA"]
[BlackCountry "ARG"]
[WhiteElo "1916"]
[WhiteRD "79"]
[BlackElo "2174"]
[BlackRD "78"]
[GameID "120279"]

1. e4 e6 2. d4 d5 3. Nc3 Bb4 4. e5 c5 5. Bd2 cxd4 6. Nb5 Qa5 7. Nd6+ Kf8 8. Nxc8 Nc6 9. Nd6 Nxe5 10. Nb5 d3
11. Nc3 d4 12. Ne4 dxc2 13. Qxc2 Bxd2+ 14. Qxd2 Qd5 15. f3 Ne7 16. Nh3 Nf5 17. Nf4 Qd8 18. O-O-O Nc6 19. Kb1 e5 20. Nd3 Kg8
21. Rc1 Ne3 22. h4 f5 23. Ng5 h6 24. Ne6 Qd6 25. Nec5 b6 26. Nb3 Kh7 27. Rg1 a5 28. Na1 Rhf8 29. Nc2 e4 30. Nde1 Qh2
31. Qf2 Nxc2 32. Rxc2 e3 33. Qe2 Nb4 34. Rc1 Qxg1 35. Nd3 Rfc8 36. Rxc8 Rxc8 37. Nxb4 axb4 38. b3 d3 39. Qxd3 Rd8 40. Qxf5+ Kh8
0-1

[Event "Less Trivial Norm - 2nd edition"]
[Site "SchemingMind.com"]
[Date "2007.09.16"]
[Round "-"]
[White "calidore"]
[Black "Netferatu"]
[Result "0-1"]
[WhiteCountry "ISR"]
[BlackCountry "ARG"]
[WhiteElo "1889"]
[WhiteRD "65"]
[BlackElo "2100"]
[BlackRD "79"]
[GameID "120280"]

1. e4 e5 2. Nf3 Nc6 3. Bc4 Nf6 4. d4 exd4 5. O-O Bc5 6. e5 Ng4 7. h3 Ngxe5 8. Nxe5 Nxe5 9. Re1 d6 10. f4 d3+
11. Kh2 Qh4 12. cxd3 Bf2 13. fxe5 Bxh3 14. gxh3 Qg3+
0-1

[Event "Less Trivial Norm - 2nd edition"]
[Site "SchemingMind.com"]
[Date "2007.09.16"]
[Round "-"]
[White "Konan_Kaddosh"]
[Black "Netferatu"]
[Result "1-0"]
[WhiteCountry "ITA"]
[BlackCountry "ARG"]
[WhiteElo "2444"]
[WhiteRD "56"]
[BlackElo "2174"]
[BlackRD "78"]
[GameID "120281"]

1. e4 c5 2. Nf3 d6 3. d4 cxd4 4. Nxd4 Nc6 5. Nc3 Nf6 6. Bc4 g6 7. Nxc6 bxc6 8. e5 Ng4 9. exd6 Qxd6 10. Qxd6 exd6
11. h3 Ne5 12. Bb3 d5 13. Be3 Bg7 14. O-O-O O-O 15. f4 Nd7 16. Rhe1 Ba6 17. Ba4 Bxc3 18. bxc3 Rfc8 19. Bb3 Nb6 20. Bc5 Re8
21. a4 Nc4 22. g3 h5 23. Bd4 Nb6 24. a5 Nc4 25. Rxe8+ Rxe8 26. Bxc4 Bxc4 27. Bxa7 Kg7 28. Bd4+ f6 29. Kb2 Ra8 30. Bb6 Kf7
31. Ka3 f5 32. Re1 c5 33. Kb2 Rb8 34. Re3 Re8 35. Bxc5 Rxe3 36. Bxe3 Ke6 37. h4 Kd6 38. Bb6 Ba6 39. Kc1 Bc4 40. Kd2 Ba6
41. Ke3 Bc4 42. Kd4 Be2 43. Ba7 Bb5 44. Bb8+ Kc6 45. Ke5 Kb7 46. Bd6 Kc6 47. Be7 Be2 48. Kf6 Bg4 49. Kxg6 Kb5 50. Bd8 Ka6
51. Kf6
1-0

[Event "Less Trivial Norm - 2nd edition"]
[Site "SchemingMind.com"]
[Date "2007.09.17"]
[Round "-"]
[White "Vaidotas"]
[Black "e_castle3"]
[Result "1/2-1/2"]
[WhiteCountry "LTU"]
[BlackCountry "PHI"]
[WhiteElo "1945"]
[WhiteRD "76"]
[BlackElo "1774"]
[BlackRD "69"]
[GameID "120768"]

1. e4 e5 2. Nf3 Nc6 3. Bc4 Bc5 4. b4 Bxb4 5. c3 Ba5 6. d4 exd4 7. O-O d6 8. cxd4 Bg4 9. d5 Ne5 10. Qa4+ Bd7
11. Bb5 Nxf3+ 12. gxf3 Bb6 13. Bxd7+ Qxd7 14. Qc4 Ne7 15. Be3 O-O 16. Nd2 Kh8 17. Rfc1 Ng6 18. Nf1 Qh3 19. Nd2 Nh4 20. Qf1 Nxf3+
21. Nxf3 Qxf3 22. Bxb6 cxb6 23. Qg2 Qf6 24. Rab1 Qh6 25. Rc7 f5 26. exf5 Rxf5 27. Rbc1 Raf8 28. Rc8 Kg8 29. Rxf8+ Rxf8 30. Rc7 Re8
31. Qg3 Qf6 32. Rd7 Re5 33. h4 Rxd5 34. Rxb7 h6 35. Rxa7 Rh5 36. Ra8+ Kh7 37. Qd3+ Qg6+ 38. Qxg6+ Kxg6 39. Rd8 Rd5 40. a4 Rd4
41. Rd7 Kf6 42. Kg2 g6 43. h5 gxh5 44. Rb7 Rxa4 45. Rxb6 Ke5 46. Rb8 Rg4+ 47. Kh3 d5 48. Re8+ Kf6 49. Rh8 Kg7 50. Rd8 Rd4
51. Rd6 h4 52. f3 h5 53. Ra6 Rf4 54. Rd6 d4 55. Rd5 Kg6 56. Rd6+ Kg5 57. Rd5+ Rf5= 58. Rxd4 Rxf3+ 59. Kh2 Rf4=
1/2-1/2

[Event "Less Trivial Norm - 2nd edition"]
[Site "SchemingMind.com"]
[Date "2007.09.15"]
[Round "-"]
[White "Vaidotas"]
[Black "Brendan Joseph Birt"]
[Result "1-0"]
[WhiteCountry "LTU"]
[BlackCountry "USA"]
[WhiteElo "1954"]
[WhiteRD "77"]
[BlackElo "1862"]
[BlackRD "94"]
[GameID "120769"]

1. e4 c5 2. d4 cxd4 3. c3 g6 4. Nf3 Bg7 5. cxd4 d5 6. e5 Bg4 7. h3 Bxf3 8. Qxf3 e6 9. Nc3 Ne7 10. Bg5 O-O
11. Be2 Nbc6 12. Rd1 Qb6 13. Rd2 Nf5 14. Bf6 Nfxd4 15. Qf4 Nxe2 16. Nxe2 Qc7 17. Bxg7 Kxg7 18. Qf6+ Kg8 19. f4 Qe7 20. Qxe7 Nxe7
21. Nd4 Rac8 22. O-O a6 23. g4 Rc4 24. f5 exf5 25. gxf5 Nc6 26. Nf3 Rf4 27. Ng5 Rxf1+ 28. Kxf1 Nxe5 29. Rxd5 Nc4 30. Kf2 Nxb2
31. f6 h6 32. Ne4 Nc4 33. Rd7 b5 34. Ra7 a5 35. Rc7 Rb8 36. a4 Ne5 37. Re7 Nd3+ 38. Ke3 Nb2 39. axb5 Nc4+ 40. Kd4 Nb6
41. Nd6 Rd8 42. Kc5 Nd7+ 43. Kc6 Nxf6 44. Nxf7 Kf8 45. Ra7 Rd3 46. Nxh6 Ne4 47. b6 Rd6+ 48. Kc7 Re6 49. b7 Re7+ 50. Kc6 Re6+
51. Kd5 Rb6 52. Kxe4
1-0

[Event "Less Trivial Norm - 2nd edition"]
[Site "SchemingMind.com"]
[Date "2007.09.16"]
[Round "-"]
[White "Vaidotas"]
[Black "Netferatu"]
[Result "0-1"]
[WhiteCountry "LTU"]
[BlackCountry "ARG"]
[WhiteElo "1948"]
[WhiteRD "81"]
[BlackElo "2100"]
[BlackRD "79"]
[GameID "120770"]

1. e4 c6 2. d4 d5 3. e5 Bf5 4. Ne2 f6 5. Ng3 Bg6 6. h4 fxe5 7. dxe5 e6 8. h5 Bf7 9. Bd3 Nd7 10. Qe2 Bc5
11. Qg4 Nxe5 12. Qxg7 Bd4 13. Kf1 Qf6 14. Qxf6 Nxf6 15. Bg5 Nxd3 16. cxd3 Bxb2 17. d4 Nd7
0-1

[Event "Less Trivial Norm - 2nd edition"]
[Site "SchemingMind.com"]
[Date "2007.09.15"]
[Round "-"]
[White "Vaidotas"]
[Black "calidore"]
[Result "1-0"]
[WhiteCountry "LTU"]
[BlackCountry "ISR"]
[WhiteElo "1948"]
[WhiteRD "81"]
[BlackElo "1889"]
[BlackRD "65"]
[GameID "120771"]

1. e4 Nf6 2. e5 Nd5 3. Nc3 Nxc3 4. dxc3 d6 5. Bc4 Nc6 6. Nf3 e6 7. O-O Be7 8. Bf4 dxe5 9. Qxd8+ Bxd8 10. Nxe5 Nxe5
11. Bxe5 O-O 12. Rad1 b6 13. Bb5 Bb7 14. Rd7 a6 15. Be2 Bc6 16. Rd2 Bb7 17. Rfd1 a5= 18. Bf3 Bxf3 19. gxf3 f6 20. Bg3 e5
21. f4 exf4 22. Bxf4 Rc8 23. Rd7 Re8 24. Kf1 Kf8= 25. h4 h6 26. h5 Kg8 27. Kg2 c6 28. Rb7 Re7 29. Rxd8+ Rxd8 30. Rxe7
1-0

[Event "Less Trivial Norm - 2nd edition"]
[Site "SchemingMind.com"]
[Date "2007.09.15"]
[Round "-"]
[White "Vaidotas"]
[Black "Konan_Kaddosh"]
[Result "0-1"]
[WhiteCountry "LTU"]
[BlackCountry "ITA"]
[WhiteElo "1948"]
[WhiteRD "81"]
[BlackElo "2377"]
[BlackRD "62"]
[GameID "120772"]

1. e4 c5 2. d4 cxd4 3. c3 Nf6 4. e5 Nd5 5. cxd4 d6 6. Nf3 Nc6 7. Nc3 dxe5 8. dxe5 Nxc3 9. Qxd8+ Nxd8 10. bxc3 Bd7
11. Ba3 Rc8 12. c4 g6 13. Be2 Ne6 14. g3 f5 15. exf6 exf6 16. Bxf8 Kxf8 17. O-O Kf7 18. Rfd1 Ba4 19. Rd2 Rhd8 20. Kf1 Nc5
21. Rb1 b6 22. Rxd8 Rxd8 23. Rb2 Ne4 24. Ke1 Nc3 25. Nd2 Re8 26. Nb1 Rxe2+ 27. Rxe2 Nxb1 28. Re3 Bc2 29. f3 h6 30. Kf2 Ba4
31. Rd3 Ke7 32. Ke3 Bc2 33. Rd4 Na3 34. Kd2 Bf5 35. Kc3 Be6 36. Rh4 h5 37. Kb4 Nc2+ 38. Kb5 Kd6 39. a4 f5 40. Ka6 Kc6
41. Kxa7 Kc7 42. Ka6 Bc8+ 43. Ka7 Nb4
0-1

[Event "Less Trivial Norm - 2nd edition"]
[Site "SchemingMind.com"]
[Date "2007.09.17"]
[Round "-"]
[White "e_castle3"]
[Black "Vaidotas"]
[Result "0-1"]
[WhiteCountry "PHI"]
[BlackCountry "LTU"]
[WhiteElo "1789"]
[WhiteRD "69"]
[BlackElo "1954"]
[BlackRD "77"]
[GameID "120773"]

1. Nf3 d5 2. d4 Nf6 3. Bg5 c6 4. e3 Bf5 5. Bd3 Bg6 6. O-O Ne4 7. Bxe4 dxe4 8. Nfd2 Qb6 9. Nb3 Nd7 10. N1d2 e6
11. a3 a5 12. Rb1 a4 13. Nc1 Bd6 14. Ne2 f5 15. Nc4 Qc7 16. Nxd6+ Qxd6 17. c4 O-O 18. Bf4 Qe7 19. c5 Rfe8 20. Bd6 Qg5
21. Nf4 e5 22. dxe5 Nxe5 23. Qe2 Bf7 24. Rbc1 Ng4 25. Rfd1 Bb3 26. Rd4 Nf6 27. Rb4 Ra7 28. Qd2 Qh4 29. Ne2 Rd8 30. Nd4 Nd5
31. Ne6 Nxb4 32. Nxd8 Nd3
0-1